000 00710nam a2200253 i 4500
001 C2-0103225
003 PPAK
005 20180727100557.0
008 970603s1989 my a|||| ||||| | may d
020 _a9836211284
040 _aPPAK
_beng
_cPPAK
_erda
082 0 4 _a616.969028
_223
090 0 0 _a616.969028
_bZAI
_dG
090 0 0 _a616.969028
_bZAI
_dKSA
100 0 _aZainordin Md. Noor,
_eauthor
245 1 0 _aMikologi perubatan
264 1 _aKuala Lumpur :
_bDewan Bahasa dan Pustaka ,
_c1989
300 _avii, 199 pages :
_billustrations ;
_c22 cm
336 _2rdacontent
_atext
337 _2rdamedia
_aunmediated
338 _2rdacarrier
_avolume
650 1 0 _aMedical mycology
942 _ddc
_cB
999 _c24363
_d24363